| 000 | 00656nam a2200205Ia 4500 | ||
|---|---|---|---|
| 003 | GCL | ||
| 008 | 140319s9999 xx 000 0 ara d | ||
| 020 | _a7047294977 | ||
| 040 |
_aGCL / _cGCL |
||
| 082 | 0 | 4 |
_a239.8 _bم ا |
| 100 | 1 | _aمأمون غريب | |
| 245 | 1 | 0 |
_aالامام الحسين حياتة و استشهادة / _cمأمون غريب |
| 250 | _aالاولى | ||
| 260 |
_aالقاهرة : _bمركز الكتاب للنشر ، _c1997 |
||
| 300 |
_a167 ص ؛ _c19 سم |
||
| 650 | 0 | 4 | _aكربلاء |
| 650 | 0 | 4 | _aالحسين (الامام) |
| 650 | 0 | 4 | _aاهل بيت الرسول صلى الله عليه وسلم |
| 942 |
_2ddc _cBK |
||
| 999 |
_c5977 _d5977 |
||